000 00226 a2200097 4500
001 1280
100 _aAmbrosins,E.E.
245 _aMechanical engineering laboratory practice
260 _a
_bRonald Press
_c
090 _c839
_d839
942 _aNUST-CAE
_cM
_c35144
999 _c236353
_d236353